| 000 | 00877 a2200277 4500 | ||
|---|---|---|---|
| 999 |
_c200130183 _d30958 |
||
| 001 | 200130183 | ||
| 003 | TR-AnTOB | ||
| 005 | 20230606001024.0 | ||
| 008 | 130805s tu 000 0 | ||
| 020 | _a9789759217754 | ||
| 040 |
_aTR-AnTOB _cTR-AnTOB |
||
| 041 | _atur | ||
| 050 |
_aDR589.N5 _bA43 2011 |
||
| 090 | _aDR589.N5.A43 2011 | ||
| 100 | 1 |
_aAkar, Hasan _992114 |
|
| 245 | 1 | 0 |
_aMilli mücadele yıllarında Niksar / _cHasan Akar, Müjdat Özbay. |
| 264 | 1 |
_aNiksar: _bNiksar Belediyesi, _c2011 |
|
| 300 |
_a236 s. : _bres. ; _c24 cm |
||
| 504 | _aIncludes bibliographical references (pages 334-335) and index. | ||
| 651 |
_aNiksar (Türkiye) _xTarih _y20. yüzyıl _992116 |
||
| 651 |
_aNiksar (Türkiye) _xTarih _947538 |
||
| 651 | 0 |
_aTürkiye _xTarih _yKurtuluş Savaşı, 1918-1923 _910811 |
|
| 700 |
_aÖzbay, Müjdat, _992115 |
||
| 942 |
_cBK _2lcc |
||